[Event "Gelsenkirchen-ch"]
[Site "?"]
[Date "2000.??.??"]
[Round "3"]
[White "Niebius Norbert"]
[Black "Blenkers Christian"]
[Result "0-1"]
[WhiteElo "2046"]
[BlackElo "1676"]
[PlyCount "96"]
[EventDate "2000.??.??"]
[Source "www.chesslib.no"]
[SourceDate "2004.05.04"]

1. e4 e5 2. Bc4 Bc5 3. c3 Nf6 4. d4 exd4 5. cxd4 Bb4+ 6. Bd2 Bxd2+ 7. Nxd2 d5 8. exd5 Nxd5 9. Qh5 Qe7+ 10. Ne2 Nf6 11. Qg5 O-O 12. O-O-O Be6 13. Ng3 h6 14. Qe5 Nc6 15. Qe3 Ng4 16. Qf4 g5 17. Qf3 Nxd4 18. Qc3 Nxf2 19. Qxd4 Nxh1 20. Nh5 f6 21. Re1 Rad8 22. Bxe6+ Qxe6 23. Rxe6 Rxd4 24. Ne4 Rc4+ 25. Kb1 Rd8 26. Nexf6+ Kf7 27. Re1 Nf2 28. b3 Rc6 29. Rf1 Rd1+ 30. Rxd1 Nxd1 31. Nd7 Ke7 32. Ne5 Re6 33. Nf3 Re2 34. g4 Nc3+ 35. Kc1 Nxa2+ 36. Kd1 Nc3+ 37. Kc1 Rf2 38. Ne5 Ne2+ 39. Kd1 Nc3+ 40. Kc1 Ke6 41. Nd3 Rxh2 42. Nc5+ Kd5 43. Nxb7 Ne4 44. Ng7 Nf6 45. Nf5 Kc6 46. Na5+ Kb5 47. Nc4 Nxg4 48. Ne5 Nxe5 0-1

[Event "Bahn-chV"]
[Site "Baiersbronn"]
[Date "1998.10.26"]
[Round "2"]
[White "Reichenbacher, Gerhard"]
[Black "Denk, Klaus"]
[Result "1/2-1/2"]
[WhiteElo "1895"]
[BlackElo "1807"]
[PlyCount "121"]
[EventDate "1998.10.25"]
[Source "www.chesslib.no"]
[SourceDate "2004.05.04"]

1. e4 e5 2. Bc4 Bc5 3. Qg4 Qf6 4. Nc3 Bxf2+ 5. Ke2 Nh6 6. Qf3 Bxg1 7. Rxg1 c6 8. Qxf6 gxf6 9. d3 Ng8 10. Be3 d6 11. d4 exd4 12. Bxd4 Be6 13. Bb3 Nd7 14. g4 h6 15. Rad1 Ne5 16. Bxe5 dxe5 17. Bxe6 fxe6 18. Na4 Rh7 19. Nc5 Re7 20. h4 b6 21. Nd3 Rd8 22. Nb4 Rxd1 23. Rxd1 Rc7 24. Rd6 c5 25. Na6 Rb7 26. g5 Ke7 27. Rd1 Rd7 28. Rxd7+ Kxd7 29. g6 h5 30. b4 cxb4 31. Nxb4 a5 32. Nd3 Ne7 33. g7 Ke8 34. c4 Kf7 35. a4 Kxg7 36. c5 bxc5 37. Nxc5 Kf7 38. Kd3 f5 39. Kc4 f4 40. Kb5 f3 41. Nd3 Ke8 42. Kxa5 Kd8 43. Kb6 Kc8 44. a5 Kb8 45. a6 Ng6 46. a7+ Ka8 47. Nc5 Ne7 48. Nxe6 Nc8+ 49. Ka6 Nxa7 50. Nc7+ Kb8 51. Nd5 Nc8 52. Ka5 Nd6 53. Kb4 Nxe4 54. Kc4 f2 55. Ne3 Ng3 56. Kd5 e4 57. Ke5 Kc7 58. Kf4 f1=Q+ 59. Nxf1 Nxf1 60. Kxe4 Kd6 61. Kf4 1/2-1/2

[Event "SVK-chT2a 9798"]
[Site "SVK"]
[Date "1998.??.??"]
[Round "?"]
[White "Kollar, Tomas"]
[Black "Soltes, Milan"]
[Result "1-0"]
[WhiteElo "1830"]
[BlackElo "1850"]
[PlyCount "95"]
[EventDate "1997.??.??"]
[Source "www.chesslib.no"]
[SourceDate "2004.05.04"]

1. e4 e5 2. Bc4 Bc5 3. Nc3 c6 4. Nf3 Qf6 5. Na4 Bd6 6. Bb3 b5 7. Nc3 Bc5 8. h3 h6 9. d3 d6 10. O-O Ne7 11. a4 b4 12. Ne2 a5 13. c3 Be6 14. Be3 Na6 15. d4 Ba7 16. Bxe6 Qxe6 17. Qd3 Nc7 18. dxe5 dxe5 19. Bxa7 Rxa7 20. c4 O-O 21. Qe3 Raa8 22. b3 f5 23. exf5 Rxf5 24. Ng3 Rff8 25. Qxe5 Qxe5 26. Nxe5 Rad8 27. Rad1 Ne6 28. Ne4 Nd4 29. Nc5 Rf5 30. Ned7 Ne2+ 31. Kh2 Re8 32. Rd6 Kf7 33. f3 Ng6 34. Rxc6 Nh4 35. Ne4 Nd4 36. Nd6+ Kg8 37. Nxe8 Nxc6 38. Nd6 Rf4 39. Re1 Nxf3+ 40. gxf3 Rxf3 41. Re8+ Kh7 42. Nc5 Nd4 43. Ra8 Ne2 44. Rxa5 Rf2+ 45. Kh1 Ng3+ 46. Kg1 Rd2 47. Nde4 Ne2+ 48. Kf1 1-0

[Event "Essen (27.03.-11.04)"]
[Site "?"]
[Date "2001.04.03"]
[Round "4.10"]
[White "Schroeer Helmut"]
[Black "Jobski Werner"]
[Result "1-0"]
[WhiteElo "1914"]
[BlackElo "1758"]
[PlyCount "91"]
[EventDate "2001.??.??"]
[Source "www.chesslib.no"]
[SourceDate "2004.05.04"]

1. e4 e5 2. Bc4 Bc5 3. Nf3 d6 4. d4 exd4 5. Nxd4 Qf6 6. Be3 Nd7 7. Nc3 Nb6 8. Be2 Bd7 9. a3 a5 10. Qd2 Qg6 11. O-O-O Nf6 12. f3 O-O 13. g4 Bxd4 14. Bxd4 Na4 15. h4 Nxc3 16. Bxc3 Ne8 17. Bc4 h6 18. h5 Qg5 19. Qxg5 hxg5 20. h6 Be6 21. hxg7 Nxg7 22. Bd3 f6 23. Rh6 Ne8 24. Rdh1 Kf7 25. Rh7+ Ng7 26. R1h6 Kg8 27. Rh8+ Kf7 28. Rxf6+ Ke7 29. Rhxf8 Rxf8 30. Rxf8 Kxf8 31. Bxa5 c5 32. Bd2 d5 33. Bxg5 c4 34. Be2 dxe4 35. fxe4 Kf7 36. Kd2 Kg6 37. Bd8 Bf7 38. Kc3 Ne6 39. Bh4 b5 40. a4 Nc5 41. axb5 Nxe4+ 42. Kd4 Nd6 43. Kc5 Ne4+ 44. Kb4 Nd6 45. Be7 Ne4 46. Bxc4 1-0

[Event "Portoroz Open 2003"]
[Site "?"]
[Date "2003.04.27"]
[Round "3"]
[White "Cokan Mirko"]
[Black "Brecevic Roman"]
[Result "1-0"]
[WhiteElo "1723"]
[BlackElo "1929"]
[PlyCount "109"]
[EventDate "2003.??.??"]
[Source "www.chesslib.no"]
[SourceDate "2004.05.04"]

1. e4 e5 2. Bc4 Bc5 3. c3 Qe7 4. Nf3 Nf6 5. d3 d6 6. Qb3 O-O 7. Bg5 c6 8. Qd1 b5 9. Bb3 a5 10. Nbd2 Bg4 11. h3 Be6 12. Bc2 h6 13. Bh4 g5 14. Bg3 Nh5 15. d4 Nxg3 16. fxg3 exd4 17. cxd4 Bb6 18. O-O Qf6 19. Nb3 a4 20. Nc1 Bc4 21. Re1 Nd7 22. Kh1 Rfe8 23. Rb1 Be6 24. e5 dxe5 25. dxe5 Qg7 26. Qe2 Rac8 27. b3 axb3 28. axb3 Bd5 29. Nd3 Bc7 30. Nd4 Nxe5 31. Nf5 Qf6 32. Rf1 Nxd3 33. Qh5 Nf4 34. gxf4 Bxf4 35. Nxh6+ Kf8 36. Nf5 Re5 37. Ng3 Rce8 38. Qh7 Qg7 39. Qxg7+ Kxg7 40. Nh5+ Kf8 41. Nxf4 gxf4 42. Rf2 Re1+ 43. Rxe1 Rxe1+ 44. Kh2 Be4 45. Bxe4 Rxe4 46. Rf3 Kg7 47. h4 Kg6 48. Rc3 Re6 49. Rc5 f5 50. Kg1 Rf6 51. Kf2 Kf7 52. Kg1 Ke7 53. Kf2 Kd6 54. Rc1 c5 55. Kf3 1-0

[Event "04sen.BayEM1992 Schney op"]
[Site "?"]
[Date "1992.??.??"]
[Round "4"]
[White "Fisch Hans[13"]
[Black "Benzinger Alfred"]
[Result "1/2-1/2"]
[WhiteElo "1728"]
[BlackElo "1902"]
[PlyCount "93"]
[EventDate "1992.??.??"]
[Source "www.chesslib.no"]
[SourceDate "2004.05.04"]

1. e4 e5 2. Bc4 Bc5 3. Qf3 Nf6 4. d3 Nc6 5. Ne2 d6 6. h3 h6 7. a3 a5 8. Nbc3 Be6 9. Nd5 Bxd5 10. exd5 Ne7 11. Bb5+ Kf8 12. c4 Rc8 13. Bd2 c6 14. dxc6 bxc6 15. Ba4 d5 16. b4 e4 17. dxe4 dxe4 18. Qc3 axb4 19. axb4 Ba7 20. O-O Nf5 21. c5 Bb8 22. Rfd1 Nd5 23. Qc2 Qe7 24. Nf4 Bxf4 25. Bxf4 Nxf4 26. Bb3 Re8 27. Qc4 Rh7 28. Bc2 Nd5 29. Ra6 Qb7 30. Bxe4 g6 31. Bxd5 cxd5 32. Rxd5 Qc7 33. Qc3 Qb7 34. Rad6 Nxd6 35. Rxd6 Qe4 36. Rd1 Qe5 37. Qa3 Kg7 38. b5 Rc8 39. Rc1 Rhh8 40. b6 Ra8 41. Qb4 Ra1 42. Rxa1 Qxa1+ 43. Kh2 Qe5+ 44. f4 Qd5 45. Qc3+ f6 46. c6 Qd6 47. c7 1/2-1/2

[Event "Baunatal op 7th"]
[Site "?"]
[Date "2001.08.15"]
[Round "7"]
[White "Dueber Olaf"]
[Black "Geisser Gerd"]
[Result "1-0"]
[WhiteElo "1890"]
[BlackElo "1708"]
[PlyCount "67"]
[EventDate "2001.??.??"]
[Source "www.chesslib.no"]
[SourceDate "2004.05.04"]

1. e4 e5 2. Bc4 Bc5 3. Nf3 d6 4. d4 exd4 5. Nxd4 Nf6 6. Nc3 h6 7. O-O O-O 8. Kh1 Bd7 9. a4 a6 10. Rb1 Qe8 11. b4 Bxd4 12. Qxd4 Nc6 13. Qe3 Ng4 14. Qg3 Kh8 15. Bb2 Nce5 16. Bb3 Nf6 17. f4 Ng6 18. f5 Ne5 19. Nd5 Nxd5 20. Bxd5 c6 21. f6 g6 22. Qh4 h5 23. Qg5 Kh7 24. h3 Rh8 25. Bxe5 dxe5 26. Bc4 b5 27. Be2 Kg8 28. a5 Rc8 29. Rbd1 Rc7 30. Rd6 Qc8 31. Rfd1 Qb7 32. Qxe5 Be6 33. Rxe6 fxe6 34. Rd8+ 1-0

[Event "Corr"]
[Site "?"]
[Date "2001.06.15"]
[Round "?"]
[White "Dunn Carl"]
[Black "Foch Louis"]
[Result "1-0"]
[WhiteElo "1866"]
[BlackElo "1725"]
[PlyCount "63"]
[EventDate "2001.??.??"]
[Source "www.chesslib.no"]
[SourceDate "2004.05.04"]

1. e4 e5 2. Bc4 Bc5 3. c3 Nf6 4. d4 exd4 5. cxd4 Bb4+ 6. Bd2 Bxd2+ 7. Nxd2 d5 8. exd5 O-O 9. Ne2 Nxd5 10. O-O Nc6 11. Nf3 Re8 12. Ng3 Bg4 13. h3 Be6 14. Rc1 Ne3 15. fxe3 Bxc4 16. Rxc4 Rxe3 17. Nf5 Re8 18. N3h4 Qf6 19. d5 Ne5 20. Rc3 Rad8 21. Qb3 c6 22. dxc6 bxc6 23. Rg3 g5 24. Nd4 Qe7 25. Ndf3 Nxf3+ 26. Qxf3 h6 27. Nf5 Qf8 28. h4 Re6 29. hxg5 Qc5+ 30. Kh1 Rd7 31. Nxh6+ Kf8 32. Nxf7 1-0

[Event "Halle GER, Team ch (w) 2005"]
[Site "?"]
[Date "2005.04.15"]
[Round "2.8"]
[White "Manigk Gabriele"]
[Black "Kube Hannelore"]
[Result "0-1"]
[WhiteElo "1585"]
[BlackElo "1998"]
[PlyCount "42"]
[EventDate "2005.??.??"]
[Source "www.chesslib.no"]
[SourceDate "2004.05.04"]

1. e4 e5 2. Bc4 Bc5 3. d3 Nf6 4. Bg5 d6 5. Nc3 Bxf2+ 6. Kf1 Bxg1 7. Kxg1 c6 8. Rb1 b5 9. Bb3 Qb6+ 10. Kf1 Bg4 11. Qe1 Nbd7 12. Qg3 O-O 13. h3 Bh5 14. Bh6 Bg6 15. Be3 Qb7 16. Ke2 d5 17. Bg5 dxe4 18. Bxf6 exd3+ 19. cxd3 Nxf6 20. Rbf1 Nh5 21. Qg5 Nf4+ 0-1

[Event "Bad Koenigshofen"]
[Site "?"]
[Date "2006.08.05"]
[Round "2.10"]
[White "Krege Sandra"]
[Black "Jusciak Ute"]
[Result "1-0"]
[WhiteElo "2092"]
[BlackElo "1478"]
[PlyCount "63"]
[EventDate "2006.??.??"]
[Source "www.chesslib.no"]
[SourceDate "2004.05.04"]

1. e4 e5 2. Bc4 Bc5 3. d3 Nc6 4. Nf3 d6 5. c3 a6 6. Bb3 Bg4 7. O-O Nge7 8. Bxf7+ Kd7 9. h3 Bxf3 10. Qxf3 Qf8 11. Be3 Nd8 12. Qg4+ Kc6 13. Bb3 b5 14. d4 Ba7 15. a4 Kb7 16. axb5 axb5 17. Na3 c6 18. Qd7+ Kb8 19. Qxd6+ Kb7 20. Qxe5 Bb8 21. Qg5 h6 22. Qg4 Qf6 23. Qd7+ Bc7 24. e5 Qg6 25. Qxe7 Re8 26. Qd7 Ne6 27. Bc2 Qh5 28. Be4 Nd8 29. Nxb5 Rc8 30. Nd6+ Kb6 31. d5+ c5 32. Qb5# 1-0

[Event "Winnipeg TNT May op"]
[Site "?"]
[Date "2003.05.06"]
[Round "1"]
[White "Tretiakov Igor"]
[Black "Nikouline Alexandre"]
[Result "0-1"]
[WhiteElo "1492"]
[BlackElo "2068"]
[PlyCount "100"]
[EventDate "2003.??.??"]
[Source "www.chesslib.no"]
[SourceDate "2004.05.04"]

1. e4 e5 2. Bc4 Bc5 3. d3 Nf6 4. Bg5 d6 5. h3 Be6 6. Bxe6 fxe6 7. Nd2 Nbd7 8. Ne2 Qe7 9. c3 h6 10. Bxf6 Qxf6 11. Nf3 O-O-O 12. Qd2 Qg6 13. Ng3 Nf6 14. O-O-O h5 15. Nh4 Qh6 16. Qxh6 Rxh6 17. Rdf1 Rf8 18. Kc2 g5 19. Nf3 h4 20. Ne2 g4 21. Nd2 gxh3 22. gxh3 Nh5 23. Rh2 Rhf6 24. f3 Rg8 25. d4 Bb6 26. Nc4 exd4 27. Nxb6+ axb6 28. cxd4 Ng3 29. Rg2 Kd7 30. Nxg3 Rxg3 31. Rxg3 hxg3 32. Kd1 c5 33. dxc5 bxc5 34. Ke2 Rh6 35. f4 Rxh3 36. Kf3 Rh2 37. Kxg3 Rxb2 38. Rf2 Rxf2 39. Kxf2 b5 40. Ke3 d5 41. e5 Ke7 42. Kd3 Kf7 43. Ke3 b4 44. Kf3 Kg6 45. Kg4 c4 46. f5+ exf5+ 47. Kf4 b3 48. e6 Kf6 49. e7 Kxe7 50. a4 b2 0-1

[Event "Solingen"]
[Site "?"]
[Date "2005.05.27"]
[Round "3"]
[White "Rist Kurt"]
[Black "Tammert Ralf"]
[Result "1/2-1/2"]
[WhiteElo "1682"]
[BlackElo "1862"]
[PlyCount "96"]
[EventDate "2005.??.??"]
[Source "www.chesslib.no"]
[SourceDate "2004.05.04"]

1. e4 e5 2. Bc4 Bc5 3. Nf3 d6 4. d4 exd4 5. O-O Bg4 6. Qd3 Bxf3 7. Qxf3 Qf6 8. Qd3 Nc6 9. f4 Nge7 10. a3 O-O 11. b4 Bb6 12. Bb2 Rad8 13. Ba2 d5 14. exd5 Nxd5 15. Bxd5 Rxd5 16. Nd2 Qg6 17. Ne4 Ne7 18. Rae1 Nf5 19. Kh1 Nd6 20. Ba1 Nxe4 21. Rxe4 c6 22. Rfe1 Qf5 23. h3 h5 24. Qe2 Rd7 25. g4 hxg4 26. hxg4 Qd5 27. Kh2 d3 28. cxd3 Qxd3 29. Qg2 f6 30. R1e2 Qxa3 31. Bb2 Qd3 32. g5 Bd4 33. Bxd4 Rxd4 34. g6 Rxe4 35. Rxe4 Rd8 36. Re2 Kf8 37. Qg4 Qd5 38. Qh3 b6 39. Qg4 c5 40. bxc5 bxc5 41. Qh4 c4 42. Qh3 c3 43. Qh8+ Qg8 44. Qh3 Qc4 45. Qh8+ Qg8 46. Qh5 Qd5 47. Qh8+ Qg8 48. Qh5 Qc4 1/2-1/2

[Event "AUT-chT2W 9495"]
[Site "Austria"]
[Date "1995.??.??"]
[Round "?"]
[White "Dangl, P."]
[Black "Kogler, H."]
[Result "1-0"]
[WhiteElo "1655"]
[BlackElo "1880"]
[PlyCount "106"]
[EventDate "1994.??.??"]
[Source "www.chesslib.no"]
[SourceDate "2004.05.04"]

1. e4 e5 2. Bc4 Bc5 3. Nf3 d6 4. c3 Nf6 5. d4 exd4 6. cxd4 Bb4+ 7. Bd2 Bxd2+ 8. Nbxd2 O-O 9. O-O Bg4 10. Qb3 b6 11. h3 Bh5 12. e5 Ne8 13. e6 fxe6 14. Bxe6+ Kh8 15. Qd5 Bxf3 16. Nxf3 c6 17. Qb3 Nd7 18. Rfe1 Nc7 19. Bxd7 Qxd7 20. Ng5 Nd5 21. Qc2 Qf5 22. Qxf5 Rxf5 23. Ne4 Rd8 24. Nxd6 Rff8 25. Nc4 Nf4 26. Re4 Rxd4 27. Rae1 Rxe4 28. Rxe4 Nd5 29. a3 Kg8 30. Re6 c5 31. Rd6 Nf6 32. f3 Re8 33. b4 cxb4 34. axb4 Rc8 35. Ne5 Kf8 36. g4 Ke7 37. Rd4 Ke6 38. f4 Rc2 39. Nf3 h6 40. f5+ Ke7 41. Ne5 b5 42. h4 a6 43. g5 hxg5 44. hxg5 Nh5 45. Rd7+ Ke8 46. Ra7 Ng3 47. f6 gxf6 48. gxf6 Ne2+ 49. Kf1 Ng3+ 50. Kg1 Ne2+ 51. Kf2 Nd4+ 52. Ke3 Nf5+ 53. Kd3 Rc8 1-0

[Event "Regionalliga NW 9495"]
[Site "Bayern"]
[Date "1994.??.??"]
[Round "8"]
[White "Herrmann, Karl Heinz"]
[Black "Helmrich, Gerd"]
[Result "1-0"]
[WhiteElo "1860"]
[BlackElo "1655"]
[PlyCount "51"]
[EventDate "1994.10.??"]
[Source "www.chesslib.no"]
[SourceDate "2004.05.04"]

1. e4 e5 2. Bc4 Bc5 3. d3 Nc6 4. Be3 Bxe3 5. fxe3 Nf6 6. Nf3 O-O 7. O-O d6 8. Nc3 Be6 9. Bb3 Qd7 10. Qe1 Bxb3 11. axb3 Nb4 12. Rc1 a6 13. Ne2 Nh5 14. Qxb4 b6 15. Qe1 f5 16. exf5 Rxf5 17. Ng3 Nxg3 18. Qxg3 Raf8 19. Nh4 Rxf1+ 20. Rxf1 Rxf1+ 21. Kxf1 Qf7+ 22. Qf3 Qe6 23. Qf5 Qe7 24. Nf3 a5 25. Ng5 g6 26. Qe6+ 1-0

[Event "El Puerto St Maria op 17th"]
[Site "?"]
[Date "2002.07.30"]
[Round "2.24"]
[White "Pena Suarez Francisco Jose"]
[Black "Menendez Alvarez Dardet Manue"]
[Result "0-1"]
[WhiteElo "1700"]
[BlackElo "1800"]
[PlyCount "62"]
[EventDate "2002.??.??"]
[Source "www.chesslib.no"]
[SourceDate "2004.05.04"]

1. e4 e5 2. Bc4 Bc5 3. Qf3 Nf6 4. g4 Nc6 5. g5 Nd4 6. Qd1 Nxe4 7. d3 Nxg5 8. Qh5 Nge6 9. b4 Nxc2+ 10. Kd1 Nxb4 11. a3 Nc6 12. Nc3 Bd4 13. Kd2 Qg5+ 14. Qxg5 Nxg5 15. Kc2 Bxc3 16. Kxc3 Ne6 17. Be3 Ne7 18. Nf3 d5 19. Bb3 d4+ 20. Kd2 dxe3+ 21. fxe3 Nc6 22. d4 exd4 23. exd4 Ncxd4 24. Bd1 b6 25. Kd3 c5 26. Ne1 Bb7 27. Rg1 Rd8 28. Ba4+ Bc6 29. Bd1 Nf3+ 30. Ke2 Rd2+ 31. Kf1 Nxh2# 0-1

[Event "Corr"]
[Site "?"]
[Date "2002.06.27"]
[Round "?"]
[White "Atukeren Erdal"]
[Black "Reuter Alfred J"]
[Result "1/2-1/2"]
[WhiteElo "1693"]
[BlackElo "1793"]
[PlyCount "98"]
[EventDate "2002.??.??"]
[Source "www.chesslib.no"]
[SourceDate "2004.05.04"]

1. e4 e5 2. Bc4 Bc5 3. Nc3 d6 4. d3 Nc6 5. Na4 Bb6 6. a3 Qf6 7. Nxb6 axb6 8. Qf3 Nd4 9. Qxf6 Nxf6 10. Kd2 b5 11. Ba2 O-O 12. c3 Nc6 13. h3 h6 14. Ne2 Rd8 15. Kc2 d5 16. exd5 Nxd5 17. g4 Be6 18. f4 f6 19. fxe5 fxe5 20. g5 Kh7 21. gxh6 gxh6 22. Bd2 b4 23. axb4 Ndxb4+ 24. cxb4 Bxa2 25. b3 Rg8 26. b5 Nd4+ 27. Nxd4 exd4 28. Rag1 Rgf8 29. Rf1 Rg8 30. Rhg1 Rxg1 31. Rxg1 Ra3 32. Kb2 Rxb3+ 33. Kxa2 Rxd3 34. Bf4 c5 35. bxc6 bxc6 36. Be5 h5 37. h4 Rh3 38. Bf6 c5 39. Rg7+ Kh6 40. Rc7 Kg6 41. Bg5 Rc3 42. Kb2 c4 43. Rc5 Rb3+ 44. Kc2 d3+ 45. Kd2 Rb2+ 46. Kd1 Rb1+ 47. Kd2 Rb2+ 48. Kd1 Rb1+ 49. Kd2 Rb2+ 1/2-1/2

[Event "Bad Sooden-Ad' (22.04.-30.04)"]
[Site "?"]
[Date "2005.04.30"]
[Round "9"]
[White "Fleischer Ernst"]
[Black "Burreh Heinz"]
[Result "0-1"]
[WhiteElo "1679"]
[BlackElo "1790"]
[PlyCount "30"]
[EventDate "2005.??.??"]
[Source "www.chesslib.no"]
[SourceDate "2004.05.04"]

1. e4 e5 2. Bc4 Bc5 3. c3 Qe7 4. Nf3 Bxf2+ 5. Ke2 Bb6 6. Rf1 Nf6 7. d3 d6 8. Bg5 Be6 9. Bxf6 gxf6 10. Bxe6 Qxe6 11. Kd2 Nd7 12. Nh4 O-O-O 13. Qf3 Rdg8 14. g3 Qh3 15. Qg2 Qxh4 0-1